[Event "3rd Julian Borowski B"]
[Site "Essen GER"]
[Date "2001.05.07"]
[Round "5"]
[White "Pelletier,Y"]
[Black "Appel,R"]
[Result "0-1"]
[WhiteElo "2531"]
[BlackElo "2481"]
[EventDate "2001.05.02"]

1. Nf3 g6 2. d4 Bg7 3. e4 c6 4. Nc3 d5 5. h3 dxe4 6. Nxe4 Nd7 7. Bc4 Ngf6
8. Neg5 O-O 9. O-O h6 10. Nxf7 Rxf7 11. Bxf7+ Kxf7 12. Qd3 Qe8 13. Re1 Kg8
14. Bd2 Qf7 15. Re2 Kh7 16. Rae1 Ng8 17. Bb4 Nf8 18. Bxe7 Be6 19. d5 Bxd5
20. Ne5 Qf5 21. Qxf5 gxf5 22. Bxf8 Rxf8 23. c4 Be6 24. Ng6 Kxg6 25. Rxe6+
Kf7 26. Rd6 Nf6 27. Re5 Kg6 28. Re7 Rb8 29. Rd3 Ne4 30. Rb3 b6 31. Rxa7 Bd4
32. Rf3 Re8 33. Rd7 Bc5 34. Kf1 Bb4 35. Re3 Bc5 36. Re2 Ra8 37. a3 Ra4 38.
b4 Bf8 39. Rd3 c5 40. Rb2 cxb4 41. axb4 Bxb4 42. g4 f4 43. Kg2 Bc5 44. Rc2
Ng5 45. Rb2 Rxc4 46. Rxb6+ Bxb6 47. Rd6+ Kg7 48. Rxb6 Rc3 49. Rb4 Ne6 50.
h4 Kf6 51. Rb8 Rd3 52. Rb5 f3+ 53. Kh2 Nd4 54. Rh5 Ne2 55. Rxh6+ Ke5 56.
Ra6 Rd4 57. Ra3 Kf4 58. g5 Kg4 59. g6 Rd6 60. Ra4+ Nf4 61. h5 Rd5 0-1

[Event "3rd Julian Borowski B"]
[Site "Essen GER"]
[Date "2001.05.08"]
[Round "6"]
[White "De Gleria,F"]
[Black "Appel,R"]
[Result "1/2-1/2"]
[WhiteElo "2432"]
[BlackElo "2481"]
[EventDate "2001.05.02"]

1. e4 Nf6 2. e5 Nd5 3. d4 d6 4. Nf3 Bg4 5. Be2 e6 6. O-O Be7 7. c4 Nb6 8.
Nc3 O-O 9. Be3 N8d7 10. exd6 cxd6 11. b3 Nf6 12. Nd2 Bxe2 13. Qxe2 Re8 14.
Rfe1 Nbd7 15. Qf3 Qa5 16. b4 Qxb4 17. Nb5 Qa5 18. Nb3 Qb6 19. d5 Nc5 20.
dxe6 fxe6 21. Nxc5 dxc5 22. Bf4 Bd8 23. Rab1 Qc6 24. Nd6 Re7 25. Rxb7 Qxf3
26. gxf3 Kf8 27. Rb5 Bc7 28. Rxc5 Ne8 29. Rc6 Bxd6 30. Bxd6 Nxd6 31. Rxd6
Rc8 32. Re4 Rec7 33. Ra6 Rxc4 34. Rxc4 Rxc4 35. Rxa7 Rc2 36. Kg2 h5 37. h4
Kg8 38. a3 Ra2 39. a4 Kh7 40. Ra5 Kg6 41. f4 Kf6 42. Kg3 Ra3+ 43. f3 g6 44.
Ra7 Ra2 45. a5 Ra4 46. Ra8 Kf7 47. a6 Kg7 48. a7 Ra2 49. Kh3 Kh7 50. Kg3
Kg7 51. f5 exf5 52. Kf4 Ra1 53. Kg5 1/2-1/2

[Event "3rd Julian Borowski B"]
[Site "Essen GER"]
[Date "2001.05.08"]
[Round "6"]
[White "Kveinys,A"]
[Black "Pelletier,Y"]
[Result "1/2-1/2"]
[WhiteElo "2533"]
[BlackElo "2531"]
[EventDate "2001.05.02"]

1. e4 c5 2. Nf3 d6 3. d4 cxd4 4. Nxd4 Nf6 5. Nc3 a6 6. h3 g6 7. Bc4 Bg7 8.
O-O O-O 9. Re1 b5 10. Bb3 Bb7 11. Bg5 Nbd7 12. a4 b4 13. Nd5 h6 14. Bh4 a5
15. Qd2 e6 16. Nxf6+ Nxf6 17. f3 g5 18. Bf2 Nh5 19. Rad1 Be5 20. Nb5 Qe7
21. Bd4 Bg3 22. Bf2 Be5 23. Bd4 Bg3 24. Bf2 1/2-1/2

[Event "3rd Julian Borowski B"]
[Site "Essen GER"]
[Date "2001.05.08"]
[Round "6"]
[White "Fridman,D"]
[Black "Schaefer,Ma"]
[Result "1-0"]
[WhiteElo "2559"]
[BlackElo "2393"]
[EventDate "2001.05.02"]

1. d4 Nf6 2. c4 g6 3. g3 Bg7 4. Bg2 O-O 5. Nc3 d6 6. Nf3 Nbd7 7. O-O e5 8.
e4 c6 9. h3 Re8 10. Re1 exd4 11. Nxd4 Qb6 12. Re2 Ng4 13. Rd2 Nge5 14. b3
Nc5 15. Rc2 a5 16. Be3 a4 17. Rb1 axb3 18. axb3 Qb4 19. Na2 Qa3 20. b4 Ne6
21. Nc1 Qa4 22. Qe2 Qa6 23. b5 Qa5 24. Ra2 Qc3 25. Rxa8 Nxd4 26. Bxd4 Qxd4
27. bxc6 Nxc6 28. Rxb7 Qc3 29. Rb1 Nd4 30. Qd3 Qe1+ 31. Qf1 Nf3+ 32. Kh1
Rf8 33. Ne2 Qxf1+ 34. Rxf1 Nd2 35. Rc1 Bb7 36. Rxf8+ Kxf8 37. f3 Ba6 38.
Nf4 Nb3 39. Rd1 Be5 40. Bf1 Na5 41. Nd3 Bf6 42. Nb4 Bxc4 43. Bxc4 Nxc4 44.
Rc1 Nd2 45. Nd5 Bg5 46. Rc8+ Kg7 47. h4 1-0

[Event "3rd Julian Borowski B"]
[Site "Essen GER"]
[Date "2001.05.08"]
[Round "6"]
[White "Seul,G"]
[Black "Naiditsch,A"]
[Result "1/2-1/2"]
[WhiteElo "2434"]
[BlackElo "2487"]
[EventDate "2001.05.02"]

1. e4 c5 2. Nf3 d6 3. Bc4 Nf6 4. e5 dxe5 5. Nxe5 e6 6. Qe2 Be7 7. b3 a6 8.
a4 Nd5 9. Bb2 Bf6 10. O-O O-O 11. f4 Nb4 12. Na3 N4c6 13. Bd3 g6 14. Nac4
Nd4 15. Qf2 Be7 16. Be4 f6 17. Nf3 Nbc6 18. a5 Qc7 19. Nxd4 Nxd4 20. Kh1
Nb5 21. Qg3 Rf7 22. Rae1 Bd7 23. Bd3 Bf8 24. Nb6 Re8 25. Nxd7 Qxd7 26. f5
Bd6 27. fxe6 Rxe6 28. Qf3 Rxe1 29. Rxe1 Kg7 30. Bc4 Rf8 31. Qe4 Qc7 32. g3
Nd4 33. b4 Be5 34. bxc5 Qxc5 35. Qxb7+ Kh6 36. Bxd4 Bxd4 37. Qd5 Rc8 38.
Qxc5 Rxc5 39. Bd3 1/2-1/2

[Event "3rd Julian Borowski B"]
[Site "Essen GER"]
[Date "2001.05.08"]
[Round "6"]
[White "Van der Wiel,J"]
[Black "Siebrecht,S"]
[Result "1/2-1/2"]
[WhiteElo "2493"]
[BlackElo "2393"]
[EventDate "2001.05.02"]

1. e4 c5 2. Nf3 e6 3. d4 cxd4 4. Nxd4 a6 5. Bd3 Nf6 6. O-O d6 7. b3 e5 8.
Nf3 Be7 9. c4 O-O 10. Nc3 Be6 11. Be3 Nbd7 12. Ng5 Bg4 13. Be2 Bxe2 14.
Qxe2 Rc8 15. Rac1 Qa5 16. Bd2 Qa3 17. Rfd1 Rfe8 18. Rc2 Bf8 19. Nf3 Qc5 20.
Ne1 Qa7 21. Rdc1 h6 22. Nd3 Qa8 23. Nb4 b5 24. cxb5 axb5 25. Ncd5 Rxc2 26.
Rxc2 Rb8 27. f3 Nxd5 28. Nxd5 Nc5 29. Be3 Ne6 30. h3 Qb7 31. Qd3 Be7 32.
Nxe7+ Qxe7 33. Rd2 Qh4 34. Kh2 Qe1 35. Bf2 Qc1 36. Rc2 Qa3 37. Be3 Qb4 38.
Qd2 Qa3 39. Rc6 Ra8 40. Rc2 Kh7 41. Qd5 Qa6 42. h4 b4 43. h5 1/2-1/2

[Event "3rd Julian Borowski B"]
[Site "Essen GER"]
[Date "2001.05.09"]
[Round "7"]
[White "Siebrecht,S"]
[Black "De Gleria,F"]
[Result "1/2-1/2"]
[WhiteElo "2393"]
[BlackElo "2432"]
[EventDate "2001.05.02"]

1. d4 Nf6 2. Nf3 g6 3. c4 Bg7 4. Nc3 d6 5. g3 O-O 6. Bg2 Nbd7 7. O-O e5 8.
h3 c6 9. e4 Qb6 10. c5 dxc5 11. dxe5 Ne8 12. e6 fxe6 13. Ng5 Ne5 14. f4 Nf7
15. Nxf7 Bd4+ 16. Kh2 Rxf7 17. e5 a5 18. Ne4 Qc7 19. Qc2 b6 20. Bd2 Ba6 21.
Rfd1 Rd7 22. Ng5 Ng7 23. Be4 h6 24. Nf3 Nf5 25. g4 Ne3 26. Bxe3 Bxe3 27.
Rxd7 Bxf4+ 28. Kg2 Qxd7 29. Rd1 Qg7 30. Qb3 Re8 31. Bxc6 Re7 32. Qc2 Kh7
33. Qe4 Qf7 34. Rd6 Kg7 35. Ba8 Rb7 36. Rxe6 Qxe6 37. Bxb7 Qc4 38. Qxc4
Bxc4 39. b3 Bd3 40. Bd5 b5 41. Kf2 b4 42. e6 Kf6 43. h4 g5 44. hxg5+ hxg5
45. Ng1 Bb1 46. Ne2 Be5 47. Nc1 Bb2 48. Ne2 Be5 49. Nc1 Bf4 50. Ne2 Bd6 51.
Nc1 Ke5 52. Bc4 Kf4 53. Be2 c4 54. Bxc4 Kxg4 55. Ke2 Kf5 56. Kd2 Kf6 57.
Bd3 Bxd3 58. Kxd3 Kxe6 59. Ke4 g4 60. Nd3 g3 61. Ne1 Kf6 62. Ng2 Kg5 63.
Kf3 Bb8 64. Ne3 Kh4 65. Kg2 Bf4 66. Nc4 Bc7 67. Ne3 Kh5 68. Kf3 Kg5 69. Kg2
Kg6 70. Kf3 Kf7 71. Ke4 Ke6 72. Ng2 Kd6 73. Ne3 Kc5 74. Ng2 Kb5 75. Ne3 a4
76. Ng2 a3 77. Ne3 Kc5 78. Ng2 Kd6 79. Ne3 Ke6 80. Ng2 Kf6 81. Ne3 Kg5 82.
Kf3 Kh4 83. Kg2 Bf4 84. Nd5 Bd2 85. Nf6 Be1 86. Ne4 Kg4 87. Kf1 Kf4 88.
Nxg3 Bxg3 89. Ke2 Ke4 90. Kd2 Kd4 91. Kc2 Be5 92. Kd2 1/2-1/2

[Event "3rd Julian Borowski B"]
[Site "Essen GER"]
[Date "2001.05.09"]
[Round "7"]
[White "Naiditsch,A"]
[Black "Van der Wiel,J"]
[Result "1/2-1/2"]
[WhiteElo "2487"]
[BlackElo "2493"]
[EventDate "2001.05.02"]

1. e4 g6 2. d4 Bg7 3. Nc3 c6 4. Nf3 d6 5. Be3 Nf6 6. Qd2 O-O 7. Bh6 Bg4 8.
Bxg7 Kxg7 9. Ng5 b5 10. h3 Bc8 11. Bd3 e5 12. dxe5 dxe5 13. O-O h6 14. Nf3
Qe7 15. Ne2 Nbd7 16. Ng3 Re8 17. a4 b4 18. Nh4 Kh7 19. f4 Nh5 20. Nxh5 Qxh4
21. fxe5 gxh5 22. e6 Ne5 23. exf7 Rf8 24. Rf4 Qg3 25. Raf1 Bxh3 26. R4f3
Qg5 27. Qxg5 Nxf3+ 28. Rxf3 hxg5 29. e5+ Kg7 30. Rxh3 Kxf7 31. Rxh5 Rad8
32. Rxg5 Rd4 33. b3 Ke7 34. Rg6 Rfd8 35. Rxc6 Rxd3 36. cxd3 Rxd3 37. Kf2
Rxb3 38. g4 Ra3 39. Ra6 b3 40. g5 b2 41. Rxa7+ Ke6 42. Rb7 1/2-1/2

[Event "3rd Julian Borowski B"]
[Site "Essen GER"]
[Date "2001.05.09"]
[Round "7"]
[White "Schaefer,Ma"]
[Black "Seul,G"]
[Result "0-1"]
[WhiteElo "2393"]
[BlackElo "2434"]
[EventDate "2001.05.02"]

1. e4 d6 2. d4 g6 3. Nc3 Bg7 4. f4 a6 5. Nf3 b5 6. Bd3 Bb7 7. e5 c5 8. exd6
cxd4 9. Ne4 Nf6 10. Qe2 Bxe4 11. Bxe4 Ra7 12. a4 b4 13. Nxd4 Qxd6 14. c3
Nxe4 15. Qxe4 Rc7 16. Ne2 bxc3 17. bxc3 O-O 18. Ba3 Qc6 19. Qxc6 Nxc6 20.
Kf2 Na5 21. Rab1 Nc4 22. Bc1 Rd8 23. Re1 f5 24. Be3 Nxe3 25. Kxe3 Bxc3 26.
Red1 Rxd1 27. Rxd1 Bf6 28. Rd8+ Kf7 29. Ra8 Rc6 30. Kd3 h6 31. h3 Rd6+ 32.
Ke3 Ke6 33. g4 Rb6 34. Kf3 Kd5 35. Rg8 Rb3+ 36. Kg2 Ke4 37. gxf5 gxf5 38.
Kf2 Rxh3 39. Ng3+ Kxf4 40. Kg2 Rh4 41. Rc8 Rg4 42. Rc4+ Kg5 0-1

[Event "3rd Julian Borowski B"]
[Site "Essen GER"]
[Date "2001.05.09"]
[Round "7"]
[White "Pelletier,Y"]
[Black "Fridman,D"]
[Result "1/2-1/2"]
[WhiteElo "2531"]
[BlackElo "2559"]
[EventDate "2001.05.02"]

1. Nf3 Nf6 2. c4 e6 3. Nc3 d5 4. d4 Nbd7 5. Bg5 c6 6. e3 Qa5 7. cxd5 Nxd5
8. Qd2 Bb4 9. Rc1 h6 10. Bh4 O-O 11. Bd3 e5 12. a3 Bxc3 13. bxc3 exd4 14.
cxd4 Qxa3 15. O-O Re8 16. e4 Nf4 17. Bc2 Ng6 18. Ra1 Qf8 19. Bg3 Nf6 20.
Rfe1 Nh5 21. Ne5 Nxg3 22. Nxg6 fxg6 23. hxg3 Be6 24. f4 Red8 25. Ra5 Qd6
26. Re5 Bf7 27. Rd1 b6 28. Qc3 a5 29. Bb3 Ra7 30. Bxf7+ Rxf7 31. d5 Rf6 32.
Rc1 Rc8 33. Qb3 Kh7 34. dxc6 Rxc6 35. Rd1 Qf8 36. Red5 Rfd6 37. Kh2 Rxd5
38. Rxd5 Qc8 39. Rb5 Rc5 40. Rxc5 bxc5 41. Qc4 Qa8 42. Qxc5 a4 43. Qc4 a3
44. Qa2 Qa7 45. e5 h5 1/2-1/2

[Event "3rd Julian Borowski B"]
[Site "Essen GER"]
[Date "2001.05.09"]
[Round "7"]
[White "Appel,R"]
[Black "Kveinys,A"]
[Result "1-0"]
[WhiteElo "2481"]
[BlackElo "2533"]
[EventDate "2001.05.02"]

1. Nf3 c5 2. g3 g6 3. Bg2 Bg7 4. O-O Nc6 5. c4 e6 6. Nc3 Nge7 7. e3 Nf5 8.
Ne4 d6 9. d4 cxd4 10. Nxd4 Ncxd4 11. exd4 O-O 12. Bg5 Qc7 13. g4 Nh6 14.
Nf6+ Kh8 15. Qd3 Ng8 16. Nxh7 Kxh7 17. Qh3+ Nh6 18. Bxh6 Bxh6 19. g5 Rh8
20. gxh6 Qe7 21. Rfe1 Bd7 22. Re3 Rac8 23. Rc1 Rc7 24. b3 b6 25. a4 Bc8 26.
Rd1 a5 27. Qg3 Kxh6 28. d5 e5 29. f4 f6 30. fxe5 fxe5 31. Be4 Rg8 32. Kh1
Qf8 33. Qh4+ Kg7 34. Bxg6 Rh8 35. Bh5 Rh6 36. Rg1+ Kh7 37. Reg3 Bf5 38. Rf1
Rf7 39. Kg1 Rff6 40. Qg5 Be4 41. Be2 Rf4 42. Rxf4 exf4 43. Rg4 f3 44. Rxe4
Rg6 45. Rh4+ 1-0

[Event "3rd Julian Borowski B"]
[Site "Essen GER"]
[Date "2001.05.10"]
[Round "8"]
[White "De Gleria,F"]
[Black "Kveinys,A"]
[Result "1/2-1/2"]
[WhiteElo "2432"]
[BlackElo "2533"]
[EventDate "2001.05.02"]

1. e4 c5 2. Nf3 e6 3. c3 Nf6 4. e5 Nd5 5. Bc4 Nc6 6. d4 cxd4 7. cxd4 d6 8.
Qe2 Be7 9. O-O O-O 10. Nc3 dxe5 11. dxe5 Nxc3 12. bxc3 Qa5 13. Qe4 Qa4 14.
Bg5 h6 15. Bxe7 Nxe7 16. Rfd1 Bd7 17. Qxb7 Qxc4 18. Rxd7 Rfb8 19. Qc7 Qxc7
20. Rxc7 Nd5 21. Rc5 a5 22. Nd4 Rc8 23. Nc6 Rc7 24. c4 Nf4 25. Rxa5 Rac8
26. Na7 Ra8 27. Nb5 Rxa5 28. Nxc7 Nd3 29. Nb5 Nxe5 30. Nd6 Kf8 31. f4 Nd3
32. g3 Nc5 33. Rb1 Ra6 34. Rb8+ Ke7 35. Nb5 Rxa2 36. Rc8 Ne4 37. Rc7+ Kf6
38. c5 Ra5 39. Nd6 Nxd6 40. cxd6 Ra8 41. Kg2 Rd8 42. Rc6 e5 43. d7+ Kf5 44.
fxe5 Kxe5 45. Rc5+ Ke6 46. h4 Rxd7 47. Kf3 Rd5 48. Rc3 Kf5 49. Ra3 Kg6 50.
Ra7 Rd3+ 51. Kf4 Rd5 52. Rb7 Ra5 53. Rc7 Ra1 54. Rc5 h5 55. Rg5+ Kh6 56.
Kf3 Rf1+ 57. Kg2 Rf6 58. Ra5 g6 59. Rb5 Kg7 60. Ra5 Rd6 61. Kf3 Kf6 62. Rb5
Ke6 63. Ra5 Rd5 64. Ra4 Rd1 65. Re4+ Kd5 66. Re7 Kd6 67. Ra7 Ke6 68. Ra5 f6
69. Ra6+ Ke5 70. Ra5+ Rd5 71. Ra4 Rd3+ 72. Kf2 Rd4 73. Ra5+ Ke4 74. Kg2
Rd2+ 75. Kh3 Rd6 76. Rb5 Ke3 77. Rb3+ Ke4 78. Rb5 Rd2 79. Ra5 Ke3 80. Ra6
g5 81. Re6+ Kf2 82. hxg5 fxg5 83. Re5 Kg1 84. Re1+ Kf2 85. Re5 Kg1 86. Re1+
Kf2 87. Re5 Kg1 1/2-1/2

[Event "3rd Julian Borowski B"]
[Site "Essen GER"]
[Date "2001.05.10"]
[Round "8"]
[White "Fridman,D"]
[Black "Appel,R"]
[Result "1-0"]
[WhiteElo "2559"]
[BlackElo "2481"]
[EventDate "2001.05.02"]

1. d4 g6 2. c4 Bg7 3. e4 Nc6 4. Nf3 d6 5. d5 Nb8 6. h3 c6 7. Nc3 Nf6 8. Be2
O-O 9. O-O a6 10. Be3 b5 11. cxb5 cxb5 12. b4 a5 13. Rb1 axb4 14. Rxb4 Bd7
15. Bxb5 Na6 16. Rb3 Qa5 17. Bd4 e5 18. dxe6 Bxe6 19. Rb1 Nb4 20. a4 Rfc8
21. Ng5 Bc4 22. Re1 h6 23. Nf3 Nd3 24. Re3 Nf4 25. Bxf6 Bxf6 26. Qxd6 Nxh3+
27. gxh3 Bxc3 28. e5 Rd8 29. Qe7 Be6 30. Qh4 Rac8 31. Qxh6 Rc5 32. Rc1 Bd2
33. Rxc5 1-0

[Event "3rd Julian Borowski B"]
[Site "Essen GER"]
[Date "2001.05.10"]
[Round "8"]
[White "Seul,G"]
[Black "Pelletier,Y"]
[Result "1/2-1/2"]
[WhiteElo "2434"]
[BlackElo "2531"]
[EventDate "2001.05.02"]

1. e4 c5 2. Nf3 d6 3. Bc4 Nc6 4. d3 Nf6 5. c3 g6 6. O-O Bg7 7. Bb3 O-O 8.
h3 b6 9. Re1 Ba6 10. d4 cxd4 11. cxd4 Nb4 12. Bg5 d5 13. exd5 Rc8 14. Ne5
Nbxd5 15. Qf3 Bb7 16. Nc3 Rc7 17. Qd3 Qa8 18. f3 Nxc3 19. bxc3 Qc8 20. Rac1
Qf5 21. Qd2 Qc8 22. a4 Qd8 23. Red1 Bd5 24. c4 Bb7 25. Bf4 Rc8 26. Qf2 Nd7
27. c5 Nxe5 28. dxe5 Qc7 29. Qe3 e6 30. cxb6 Qxb6 31. Qxb6 axb6 32. Be3
Bxe5 33. Bxb6 Rxc1 34. Rxc1 Rc8 35. Rxc8+ Bxc8 36. Bc4 Kf8 37. a5 Ke7 38.
a6 Kd6 39. Bb5 Kd5 40. Kf2 Bd4+ 41. Bxd4 Kxd4 42. f4 f6 43. h4 h6 44. g3
1/2-1/2

[Event "3rd Julian Borowski B"]
[Site "Essen GER"]
[Date "2001.05.10"]
[Round "8"]
[White "Van der Wiel,J"]
[Black "Schaefer,Ma"]
[Result "1/2-1/2"]
[WhiteElo "2493"]
[BlackElo "2393"]
[EventDate "2001.05.02"]

1. e4 e6 2. d4 d5 3. Nd2 Nf6 4. e5 Nfd7 5. c3 c5 6. f4 Nc6 7. Ndf3 Qb6 8.
a3 cxd4 9. cxd4 Be7 10. b4 f6 11. Bb2 fxe5 12. fxe5 Nf8 13. Bd3 Bd7 14. Qc1
Ng6 15. Ne2 O-O 16. Qe3 Rf7 17. O-O Raf8 18. Bc3 Nf4 19. Nxf4 Rxf4 20. g3
R4f7 21. Kg2 a6 22. Nd2 1/2-1/2

[Event "3rd Julian Borowski B"]
[Site "Essen GER"]
[Date "2001.05.10"]
[Round "8"]
[White "Siebrecht,S"]
[Black "Naiditsch,A"]
[Result "0-1"]
[WhiteElo "2393"]
[BlackElo "2487"]
[EventDate "2001.05.02"]

1. d4 Nf6 2. Nf3 e6 3. c4 Bb4+ 4. Bd2 Qe7 5. g3 Nc6 6. Bg2 Bxd2+ 7. Nbxd2
d6 8. O-O a5 9. e4 e5 10. d5 Nb8 11. Qa4+ Nbd7 12. b4 Ra6 13. bxa5 O-O 14.
Qb4 Nc5 15. Ne1 Bd7 16. f3 Rfa8 17. Nb3 b6 18. Qc3 Ba4 19. Nc2 Bxb3 20.
axb3 bxa5 21. Ra3 h5 22. h4 Qd8 23. Kh2 Qb8 24. Rb1 Kh7 25. Bh3 g6 26. Bf1
R8a7 27. Be2 Kg7 28. Bd1 Rb6 29. Ne3 Rb4 30. Rba1 Qb6 31. Bc2 Rb7 32. Kg2
Nfd7 33. Kf2 Kf8 34. R1a2 Ke7 35. Ke2 Nxb3 36. Bxb3 Rxb3 37. Rxb3 Qxb3 38.
Qxb3 Rxb3 39. Rxa5 Rb2+ 40. Kf1 Nc5 41. Ra3 Nb3 42. Ra7 Nd2+ 43. Ke2 Nxe4+
44. Kd1 Nf2+ 45. Kc1 Nd3+ 46. Kd1 Kd7 47. Nc2 f5 48. Ra8 e4 49. f4 Nb4 50.
Ne3 Rf2 51. Rg8 Rf3 52. Ke2 Rxg3 53. Nxf5 Rg2+ 54. Kf1 Rg4 55. Rg7+ Kc8 56.
Ne7+ Kb7 57. Nxg6 Nc2 58. c5 Ne3+ 59. Kf2 Nf5 60. cxd6 Nxd6 61. Ke2 Nf5 62.
Rf7 Rg2+ 63. Ke1 Nd4 64. Ne5 e3 65. Kf1 e2+ 66. Kxg2 e1=Q 67. d6 Qd2+ 68.
Kf1 Qe2+ 69. Kg1 Qd1+ 70. Kg2 Qc2+ 71. Kf1 Qe2+ 72. Kg1 Nf3+ 73. Nxf3 Qxf3
74. d7 Qd1+ 75. Kf2 Kb6 76. f5 c5 77. f6 Kc7 78. Re7 Qd4+ 79. Ke2 Qxf6 80.
d8=Q+ Kxd8 0-1

[Event "3rd Julian Borowski B"]
[Site "Essen GER"]
[Date "2001.05.11"]
[Round "9"]
[White "Naiditsch,A"]
[Black "De Gleria,F"]
[Result "1-0"]
[WhiteElo "2487"]
[BlackElo "2432"]
[EventDate "2001.05.02"]

1. e4 c5 2. Nf3 d6 3. d4 cxd4 4. Nxd4 Nf6 5. Nc3 Nc6 6. Bg5 e6 7. Qd2 a6 8.
O-O-O h6 9. Be3 Be7 10. f3 Nxd4 11. Bxd4 b5 12. Kb1 Rb8 13. Ba7 Rb7 14. Be3
O-O 15. h4 b4 16. Ne2 d5 17. e5 Nd7 18. f4 Nc5 19. Nd4 Ne4 20. Qe1 Bd7 21.
Bd3 Qa8 22. g4 a5 23. g5 h5 24. g6 fxg6 25. Rg1 Qe8 26. Bc1 Rc7 27. Bxe4
dxe4 28. Qxe4 Kh7 29. Be3 Bc6 30. Nxc6 Rxc6 31. Rg3 Rf5 32. Rdg1 g5 33.
fxg5 g6 34. Rd1 Qc8 35. Bd4 Rc7 36. b3 Rd7 37. Rgd3 Rd5 38. Bb2 Rxd3 39.
Qxd3 Kg7 40. Qe3 Qb7 41. Qd4 Qf3 42. Bc1 Rf7 43. Rd3 Qc6 44. Kb2 Bf8 45.
Be3 a4 46. bxa4 Rc7 47. Rd2 Qxa4 48. Qb6 Qa3+ 49. Kb1 Qc3 50. Qd4 Bc5 51.
Qd8 Rf7 52. Rd7 Qe1+ 53. Bc1 Qf1 54. Qf6+ Qxf6 55. gxf6+ Kg8 56. Rd3 Rb7
57. Rd8+ Kh7 1-0

[Event "3rd Julian Borowski B"]
[Site "Essen GER"]
[Date "2001.05.11"]
[Round "9"]
[White "Schaefer,Ma"]
[Black "Siebrecht,S"]
[Result "1/2-1/2"]
[WhiteElo "2393"]
[BlackElo "2393"]
[EventDate "2001.05.02"]

1. e4 g6 2. d4 Bg7 3. Nc3 d6 4. f4 a6 5. Be2 b5 6. Bf3 Nd7 7. Nge2 Bb7 8.
O-O e6 9. Be3 Ne7 10. Ng3 O-O 11. Qd2 Nb6 12. b3 d5 13. e5 1/2-1/2

[Event "3rd Julian Borowski B"]
[Site "Essen GER"]
[Date "2001.05.11"]
[Round "9"]
[White "Appel,R"]
[Black "Seul,G"]
[Result "1/2-1/2"]
[WhiteElo "2481"]
[BlackElo "2434"]
[EventDate "2001.05.02"]

1. Nf3 f5 2. c4 Nf6 3. Nc3 g6 4. g3 Bg7 5. Bg2 O-O 6. O-O d6 7. d4 c6 8.
Re1 Na6 9. a3 Nc7 10. Qc2 Be6 11. b3 Kh8 12. Bb2 Rb8 13. Rad1 Qd7 14. Ng5
d5 15. Na4 Bg8 1/2-1/2

[Event "3rd Julian Borowski B"]
[Site "Essen GER"]
[Date "2001.05.11"]
[Round "9"]
[White "Pelletier,Y"]
[Black "Van der Wiel,J"]
[Result "1-0"]
[WhiteElo "2531"]
[BlackElo "2493"]
[EventDate "2001.05.02"]

1. d4 Nf6 2. c4 e6 3. Nf3 b6 4. a3 Bb7 5. Nc3 d5 6. cxd5 Nxd5 7. e3 g6 8.
Bb5+ c6 9. Ba4 Nxc3 10. bxc3 Bg7 11. O-O O-O 12. e4 c5 13. Re1 Nc6 14. Bg5
Qd6 15. Bxc6 Bxc6 16. Qd2 cxd4 17. cxd4 Rfc8 18. Bh6 Bh8 19. h4 Be8 20. e5
Qd5 21. Qf4 Rc4 22. h5 Bc6 23. Bg5 Rc3 24. Rac1 Rxc1 25. Rxc1 Bg7 26. Bh6
Bh8 27. Kh2 Rc8 28. Bg5 Bg7 29. Bf6 Bf8 30. Qg4 Bb7 31. Rxc8 Bxc8 32. Ng5
b5 33. hxg6 fxg6 34. Nxh7 Kxh7 35. Qh4+ Kg8 36. Qh8+ Kf7 37. Qh7+ Ke8 38.
Qxg6+ Kd7 39. Qf7+ Kc6 40. Qxf8 Bb7 41. Qe8+ Kb6 42. Bd8+ Ka6 43. f3 Bc6
44. Qe7 Qxd4 45. Qxe6 Qf4+ 46. Kh3 Kb7 47. Qe7+ Ka8 48. Qf6 Bd7+ 49. e6
Qxf6 50. Bxf6 Bxe6+ 51. g4 Kb7 52. f4 Kc6 53. f5 Bb3 54. Kg3 Kd7 55. g5 Ke8
56. g6 Bc2 57. Kf4 1-0

[Event "3rd Julian Borowski B"]
[Site "Essen GER"]
[Date "2001.05.11"]
[Round "9"]
[White "Kveinys,A"]
[Black "Fridman,D"]
[Result "0-1"]
[WhiteElo "2533"]
[BlackElo "2559"]
[EventDate "2001.05.02"]

1. c4 c6 2. d4 d5 3. cxd5 cxd5 4. Nc3 Nf6 5. Bf4 Nc6 6. e3 Bf5 7. Nf3 e6 8.
Bb5 Nd7 9. O-O Be7 10. Qb3 g5 11. Be5 Rg8 12. Rfc1 g4 13. Ne1 Ndxe5 14.
dxe5 Kf8 15. Bd3 Bg6 16. Bxg6 hxg6 17. Nd3 Qb8 18. Nb5 Kg7 19. Qc3 Rh8 20.
Nd4 Qg8 21. Nxc6 bxc6 22. Qd4 Qh7 23. Kf1 Qxh2 24. Qxg4 c5 25. b3 Rac8 26.
g3 c4 27. bxc4 dxc4 28. Ne1 Qh1+ 29. Ke2 Qc6 30. Rc2 Qb5 31. Rac1 c3+ 32.
Nd3 Rhd8 33. Rd1 Rc4 34. Qf3 Rc7 35. Qe4 Rc4 36. Qf3 Qa4 37. Ne1 Rxd1 38.
Kxd1 Rb4 0-1